Dejepis 4 pohrajme sa s históriou : pracovný zošit pre 8. ročník základnej školy a 4. ročník osemročných gymnázií

Bibliographic Details
Main Authors: Hlava, Bohuslav, 1951-2011 (Author), Kratochvíl, Viliam (Author)
Format: Book
Language:Slovak
PhysicalDescription:64 s. Fotogr., ilustr., tab. 30 cm
Published: Bratislava Orbis Pictus Istropolitana 1996
ISBN:8071581356
Subjects:

MARC

LEADER 00000nam a2200000 a 4500
001 vtls001274041
003 SK-MaSNL
005 20260302065601.0
008 240318s1996 xo ap r y slo
015 |a SNBA1997/0401149 
020 |a 8071581356 
035 |a SNK000225216 
035 |a urn:nbn:sk:snk-amlp9j 
035 |a urn:nbn:sk:snk-am00c2od 
035 |a C392025E-0784-41B2-BC81-DE1758E05239 
040 |a SNK  |b slo  |c SNK  |e AACR2 
041 0 |a slo 
044 |a xo  |c SK 
080 |a 372.893(075.2)(076.5)  |2 1981 
080 |a 93/99(075.3)(076.5)  |2 1981 
100 1 |a Hlava, Bohuslav,  |d 1951-2011  |4 aut  |9 220867 
245 1 0 |a Dejepis 4  |b pohrajme sa s históriou : pracovný zošit pre 8. ročník základnej školy a 4. ročník osemročných gymnázií  |c Bohuslav Hlava, Viliam Kratochvíl 
260 |a Bratislava  |b Orbis Pictus Istropolitana  |c 1996 
300 |a 64 s.  |b Fotogr., ilustr., tab.  |c 30 cm 
500 |a Ilustr. na tit. strane 
650 0 7 |a dejepis  |x učebnice zákl. škôl (8. roč.)  |x učebnice osemroč. gymn. (4. roč.)  |x zošity pracovné  |2 SNK  |9 458462 
655 7 |a učebnice  |2 SNK  |9 22521 
700 1 |a Kratochvíl, Viliam  |4 aut  |9 298740 
919 |a 80-7158-135-6 
958 |a TL 
958 |a UC 
958 |a OND 
999 |c 1142821  |d 1144751 
952 |t P60, <03>, [BOOK], {603}  |a SNK  |b SNK  |y PREZ  |7 0  |p 17A0032905  |o snkSB 56425  |i snkKSP 974/97  |0 0  |1 0  |4 0  |d 1997-02-05  |f 1  |l 0  |r 2025-04-02 00:00:00  |w 2026-02-24 
952 |t P60, <04>, [BOOK], {604}  |a SNK  |b SNK  |y VYP  |7 0  |p 17A0052756  |o snkSB 56425 D1  |i snkKSP 2692/97  |0 0  |1 0  |4 0  |d 1997-03-12  |l 0  |r 2005-01-02 00:00:00  |w 2026-02-24 
952 |t P60, <09>, [BOOK], {629}  |a SNK  |b SNK  |y NEVYP  |7 0  |o snkB 124  |i snk441/970206  |0 0  |1 0  |4 0  |d 1997-02-05  |l 0  |r 2005-01-02 00:00:00  |w 2026-02-24